000 00628nam a2200241Ia 4500
003 OSt
005 20220924132556.0
006 a|||||r|||| 00| 0
007 ta
008 220923b |||||||| |||| 00| 0 hin d
024 _a72355
037 _cTextual
040 _aARTS
_cARTS
_bhin
041 _2hin
_ahin
082 _aR6z7, 152K9 TTPS
100 _aHiriyanna M
245 0 _aBhartiya darsan ki rooprekha tr into Hindi by Govardhan Bhatt
250 _a2nd
260 _c1969
650 _aINDIAN PHILOSOPHY
942 _hR6z7, 152K9 TTPS
_cTEXL
_2CC
999 _c430754
_d430754